000 00373nam a2200145Ia 4500
008 230711s9999||||xx |||||||||||||| ||und||
041 _aENG
082 _a4
_bBA-R
100 _aBalagurusamy,E
245 0 _aReliability enginereing
250 _a1st . Ed.
260 _c2003
_aNew Delhi
_bTata McGraw Hill Education Limited
650 _aMechanical Engineering
942 _cBK
999 _c4057
_d4057